Reporte de actividades del proyecto cooperativo en toxícología / (Record no. 204210)
[ view plain ]
| 000 -CABECERA | |
|---|---|
| campo de control de longitud fija | 00881nam a2200289Ia 4500 |
| 001 - NÚMERO DE CONTROL | |
| campo de control | Para_6650 |
| 003 - IDENTIFICADOR DEL NÚMERO DE CONTROL | |
| campo de control | CHAP |
| 008 - DATOS DE LONGITUD FIJA--INFORMACIÓN GENERAL | |
| campo de control de longitud fija | 220125s1975 xx 000 0 und d |
| 010 ## - NÚMERO DE CONTROL DE LA BIBLIOTECA DEL CONGRESO | |
| Número de control de LC | 204210 |
| 040 ## - FUENTE DE LA CATALOGACIÓN | |
| Centro/agencia transcriptor | CHAP |
| 082 ## - NÚMERO DE LA CLASIFICACIÓN DECIMAL DEWEY | |
| Número de clasificación | PA 632.951 E5 |
| 110 ## - ENTRADA PRINCIPAL--NOMBRE DE ENTIDAD CORPORATIVA | |
| Nombre de entidad corporativa o nombre de jurisdicción como elemento de entrada | ENA. Departamento de Parasitología |
| 9 (RLIN) | 170177 |
| 245 ## - MENCIÓN DE TÍTULO | |
| Título | Reporte de actividades del proyecto cooperativo en toxícología / |
| Mención de responsabilidad, etc. | por ENA. Departamento de Parasitología |
| 260 ## - PUBLICACIÓN, DISTRIBUCIÓN, ETC. | |
| Lugar de publicación, distribución, etc. | Chapingo, Méx. : |
| Nombre del editor, distribuidor, etc. | C. P. Rama de entomología |
| 300 ## - DESCRIPCIÓN FÍSICA | |
| Extensión | 56 h. |
| 650 ## - PUNTO DE ACCESO ADICIONAL DE MATERIA--TÉRMINO DE MATERIA | |
| Término de materia o nombre geográfico como elemento de entrada | Heliothis subflexa |
| 9 (RLIN) | 53439 |
| 650 ## - PUNTO DE ACCESO ADICIONAL DE MATERIA--TÉRMINO DE MATERIA | |
| Término de materia o nombre geográfico como elemento de entrada | Insecticidas |
| Subdivisión general | toxicidad |
| 9 (RLIN) | 58882 |
| 650 ## - PUNTO DE ACCESO ADICIONAL DE MATERIA--TÉRMINO DE MATERIA | |
| Término de materia o nombre geográfico como elemento de entrada | Pseudaletia unipuncta |
| 9 (RLIN) | 92556 |
| 650 ## - PUNTO DE ACCESO ADICIONAL DE MATERIA--TÉRMINO DE MATERIA | |
| Término de materia o nombre geográfico como elemento de entrada | Tomate |
| Subdivisión general | plagas |
| 9 (RLIN) | 113748 |
| 901 ## - ELEMENTOS DE DATOS A LOCAL LDA (RLIN) | |
| a | PA 632.951 E5 |
| 902 ## - ELEMENTOS DE DATOS B LOCAL, LDB (RLIN) | |
| a | A |
| 905 ## - ELEMENTOS DE DATOS E LOCAL, LDE (RLIN) | |
| a | 0000001975 i 0000000000 00 |
| 910 ## - DATOS DE OPCIÓN DEL USUARIO (OCLC) | |
| Datos de opción del usuario | 1975 |
| 942 ## - ELEMENTOS DE PUNTO DE ACCESO ADICIONAL (KOHA) | |
| Tipo de ítem Koha | Parasitologia_ |
| 942 ## - ELEMENTOS DE PUNTO DE ACCESO ADICIONAL (KOHA) | |
| Tipo de ítem Koha | Parasitologia_ |
| -- | 1 |
| Estado de retiro | Estado de pérdida | Fuente del sistema de clasificación o colocación | Estado dañado | Restricciones de uso | No para préstamo | Código de colección | Localización permanente | Ubicación/localización actual | Fecha de adquisición | Número de inventario | Total de préstamos | Signatura topográfica completa | Código de barras | Fecha visto por última vez | Número de copia | Precio válido a partir de | Tipo de ítem Koha | Nota pública |
|---|---|---|---|---|---|---|---|---|---|---|---|---|---|---|---|---|---|---|
| Dewey Decimal Classification | Préstamo 3 días | General | Parasitologia Agricola | Parasitologia Agricola | 27/10/2005 | (PA_3828) (No. UACh C/E) | PA 632.951 E5 | 4102002926 | 25/01/2022 | Ej.4 | 25/01/2022 | Libro | 3 | |||||
| Dewey Decimal Classification | Préstamo 3 días | General | Parasitologia Agricola | Parasitologia Agricola | 27/10/2005 | (PA_3824) (No. UACh C/E) | PA 632.951 E5 | 4102002923 | 25/01/2022 | Ej.1 | 25/01/2022 | Libro | 3 | |||||
| Dewey Decimal Classification | Préstamo 3 días | General | Parasitologia Agricola | Parasitologia Agricola | 27/10/2005 | (PA_3825) (No. UACh C/E) | PA 632.951 E5 | 4102002924 | 25/01/2022 | Ej.2 | 25/01/2022 | Libro | 3 | |||||
| Dewey Decimal Classification | General | Parasitologia Agricola | Parasitologia Agricola | 27/10/2005 | (PA_3826) (No. UACh C/E) | PA 632.951 E5 | 4102002925 | 25/01/2022 | Ej.3 | 25/01/2022 | Libro | 3 |
